Vrtání kovů : popis nástrojů, přípravků a strojů k vrtání se zvláštním zřetelem k novátorským pracovním methodám /

Hlavní autor: Václavovič, Antonín, 1917-1974
Jazyk: Čeština
Vydáno: Praha : Práce, 1954
Vydání: 1. vyd.
Edice: Knižnice Svazu zaměstnanců strojírenství
Témata:
Fyzický popis: 299 s. ; 8°
Knihy
Uloženo v:
LEADER 01119aam a22002772a 4500
001 000750484
003 CZ BrMZK
005 20150209112110.0
007 ta
008 041118s1954 xr a er|||||||||||cze d
015 |a cnb000429112 
035 |a (OCoLC)85187978 
040 |a ABA001  |b cze  |c CBA001  |d ABA001  |d BOA001 
100 1 |a Václavovič, Antonín,  |d 1917-1974  |7 jk01141051  |4 aut 
245 1 0 |a Vrtání kovů :  |b popis nástrojů, přípravků a strojů k vrtání se zvláštním zřetelem k novátorským pracovním methodám /  |c Antonín Václavovič 
250 |a 1. vyd. 
260 |a Praha :  |b Práce,  |c 1954 
300 |a 299 s. ;  |c 8° 
490 1 |a Knižnice Svazu zaměstnanců strojírenství ;  |v sv. 13 
504 |a Obsahuje bibliografii 
830 0 |a Knižnice Svazu zaměstnanců strojírenství  |0 s 
910 |a BOA001  |b 2-0327.286  |b PK-0008.122 
964 |a Kovy - vrtání - příručky 
990 |a BK 
996 6 |b 2618800569  |c 2-0327.286  |l MZK  |r Sklad / do 24 hodin  |n 0  |w 000750484  |u 000020  |a 1  |e BOA001  |j MZK50  |s P 
996 7 |b 3119656917  |c PK-0008.122  |l MZK  |r Sklad / do 1 hodiny  |n 4  |w 000750484  |u 000010  |a 1  |e BOA001  |j MZK50  |s A